[Event "SportAccord Blitz Women 2013"]
[Site "Beijing CHN"]
[Date "2013.12.16"]
[Round "29.7"]
[White "Dzagnidze,N"]
[Black "Zhao Xue"]
[Result "1/2-1/2"]
[WhiteElo "2557"]
[BlackElo "2568"]

1.d4 Nf6 2.c4 e6 3.Nf3 b6 4.Nc3 Bb7 5.a3 d5 6.cxd5 exd5 7.Bg5 Be7 8.e3 O-O
9.Bd3 c5 10.O-O Na6 11.Ne5 Nc7 12.Ne2 Ne6 13.Bh4 Nd7 14.Bg3 Nxe5 15.dxe5 f5
16.exf6 Bxf6 17.Qc2 g6 18.Rad1 Qe7 19.Nc3 Rad8 20.Qa4 Ba8 21.Bb1 Kh8 22.Rfe1 Qb7
23.f3 Qg7 24.Qb3 Rfe8 25.Ba2 d4 26.exd4 Nxd4 27.Qc4 Be5 28.Qf7 Bxg3 29.hxg3 Qxf7
30.Bxf7 Rxe1+ 31.Rxe1 Bc6 32.Bc4 Rd7 33.g4 Kg7 34.Re8 b5 35.Rg8+ Kf6 36.Ba2 c4
37.Bb1 Kg5 38.Be4 Bxe4 39.Nxe4+ Kf4 40.Kf2 Ke5 41.Re8+ Ne6 42.Nc5 Rd6 43.Ke3 Kd5
44.Nxe6 Rxe6+ 45.Rxe6 Kxe6 46.Kd4 Kd6 47.f4 a6 48.f5 gxf5 49.gxf5 h5 50.Ke4 h4
51.Kd4 Ke7 52.Ke5 Kf7 53.Ke4 Kf6 54.Kf4 a5 55.Ke4 b4 56.axb4 axb4 57.Kd4 c3
58.bxc3 bxc3 59.Kxc3 Kxf5 60.Kd3 Kf4 61.Ke2 Kg3 62.Kf1 h3 63.gxh3  1/2-1/2

[Event "51st Groningen Open A 2013"]
[Site "Groningen NED"]
[Date "2013.12.21"]
[Round "1.30"]
[White "Simonian,T"]
[Black "Vos,T"]
[Result "1-0"]
[WhiteElo "2401"]
[BlackElo "2085"]

1.d4 Nf6 2.c4 e6 3.Nf3 b6 4.Nc3 Bb7 5.Bg5 Bb4 6.Nd2 h6 7.Bh4 O-O 8.e4 g5
9.Bg3 Nxe4 10.Ndxe4 Bxe4 11.h4 Bxc3+ 12.bxc3 Bg6 13.hxg5 hxg5 14.Qf3 Nc6
15.Bxc7 Qe7 16.Bd6 Qd8 17.Bxf8 Qxf8 18.Qf6 Qg7 19.Qxg5 Rc8 20.Be2 Na5 21.Rh3 Bf5
22.Qxg7+ Kxg7 23.Rg3+ Kf6 24.Kd2 Nxc4+ 25.Bxc4 Rxc4 26.Rg8 Be4 27.f3 Bd5
28.a4 Ke7 29.a5 b5 30.Rb1 a6 31.Rb4 Rc6 32.Rb8 Kd6 33.Rb7 Ke7 34.Ra7 Rd6
35.Rb1 Bc4 36.Rb7 e5 37.Re1 Kd8 38.Rb6 Rxb6 39.axb6 exd4 40.Re8+ Kxe8 41.b7 d3
42.b8=Q+ Ke7 43.Qe5+  1-0

[Event "Chinese Teams 2013"]
[Site "Tianjin CHN"]
[Date "2013.12.21"]
[Round "19.2"]
[White "Wu,Mengxian"]
[Black "Guo Qi"]
[Result "0-1"]
[WhiteElo "1853"]
[BlackElo "2451"]

1.d4 Nf6 2.Nf3 e6 3.c4 b6 4.Nc3 Bb7 5.Bg5 Be7 6.e3 O-O 7.Bd3 c5 8.O-O cxd4
9.Nxd4 Nc6 10.Be2 Ne5 11.Bf4 d6 12.Bxe5 dxe5 13.Nb3 Qc7 14.Nb5 Qc6 15.Bf3 Qxc4
16.Bxb7 Rad8 17.N5d4 exd4 18.Rc1 Qb5 19.exd4 a5 20.Bc6 Qg5 21.Qe2 Bd6 22.g3 Bb8
23.Qb5 Qxb5 24.Bxb5 Rd6 25.Rc4 Nd5 26.Rfc1 Rfd8 27.a3 Ne7 28.a4 g5 29.Ba6 Kg7
30.g4 h5 31.h3 Rh8 32.Bb7 hxg4 33.hxg4 Rdd8 34.Bf3 Rh4 35.R1c3 f5 36.gxf5 exf5
37.Re3 Kf6 38.Kf1 Bd6 39.Nc1 Bf4 40.Rxe7 Kxe7 41.Ne2 Be5 42.Rc6 Bxd4 43.Nxd4 Rhxd4
44.Rxb6 Rxa4 45.Rb5 g4 46.Be2 Kf6  0-1

[Event "6th Marseille Open 2013"]
[Site "Marseille FRA"]
[Date "2013.12.26"]
[Round "2.2"]
[White "Petkov,V"]
[Black "Teychene,JL"]
[Result "1-0"]
[WhiteElo "2558"]
[BlackElo "1949"]

1.d4 Nf6 2.c4 e6 3.Nf3 b6 4.Nc3 Bb7 5.a3 d5 6.cxd5 Nxd5 7.Qc2 Be7 8.Bd2 O-O
9.e4 Nxc3 10.Bxc3 Nd7 11.Rd1 Qc8 12.Bd3 Ba6 13.O-O Bxd3 14.Rxd3 c5 15.d5 exd5
16.exd5 Bf6 17.Re1 Bxc3 18.Qxc3 Qd8 19.d6 Re8 20.h4 Rxe1+ 21.Qxe1 Nf8 22.Qe4 Ne6
23.d7 Qf8 24.Ng5  1-0

[Event "51st Groningen Open A 2013"]
[Site "Groningen NED"]
[Date "2013.12.30"]
[Round "9.33"]
[White "Hoeksema,E"]
[Black "Senders,Mischa"]
[Result "1-0"]
[WhiteElo "2369"]
[BlackElo "2058"]

1.d4 Nf6 2.Nf3 e6 3.c4 b6 4.Nc3 Bb4 5.Bg5 Bb7 6.e3 Be4 7.Nd2 Bg6 8.e4 Qc8
9.Bd3 Nc6 10.Bxf6 gxf6 11.h4 h6 12.h5 Bh7 13.Nf3 Qb7 14.Qd2 O-O-O 15.a3 Bxc3
16.Qxc3 e5 17.d5 Nb8 18.g4 Rhg8 19.Rg1 d6 20.b4 c5 21.Qc1 Rh8 22.Nd2 Rhg8
23.Nf1 Rg5 24.Ne3 Rdg8 25.Ke2 f5 26.exf5 e4 27.Bxe4 Qe7 28.Qc2 Qe5 29.bxc5 dxc5
30.Rad1 Nd7 31.d6 Nf6 32.Bf3 Bxf5 33.Qa4 Kb8 34.d7  1-0